000 01122nam a2200229Ia 4500
001 L220-4130
003 IT-CnALBA
008 170116s9999||||xx |||||||||||||| ||und||
040 _aIT-CnALBA
_cIT-CnALBA
041 _aBILINGUE
100 _aDAVIDE, RE E PROFETA
245 0 _aSACRA SCRITTURA GIUSTA LA VOLGATA. I PRIMI 75 SALMI DI DAVID. TOMO VIII.
250 _a1a ed.
260 _a GE LUGDUNI
_bOLZATI AGOST., STAMPERIA
_c1789 [1° Ed.:1789 - Ed.Ling.Originale: 1789]
300 _a480 p. (prefazione: 116)
500 _aTAVOLE DEI SALMI. SPIEGAZIONI LETTERALI E SPIRITUALI TRATTE DAI SS. PADRI E AUTORI ECCLESIASTICI DA DON LUIGI ISACCO, LE MAITRE DE SACY. TRADUZIONE DAL FRANCESE. EDIZIONE ILLUSTRATA.
501 _aSocietà San Paolo EM - Piazza San Paolo, 14 - 12051 ALBA (CN) (non commercial uses only) ® Copyright 2017
520 _aTAVOLE DEI SALMI. SPIEGAZIONI LETTERALI E SPIRITUALI TRATTE DAI SS. PADRI E AUTORI ECCLESIASTICI DA DON LUIGI ISACCO, LE MAITRE DE SACY. TRADUZIONE DAL FRANCESE. EDIZIONE ILLUSTRATA.
650 _aBIBBIA - TESTI E COMMENTI
942 _cBK
957 _71
999 _a5108
_bSI
_g Copie: 1
_c263316
_d263316